000 00910nam a2200313 a 4500
001 60377
003 CO-BoRNBP
005 20260202205005.0
007 ta
008 880217s1987 mx a r 00110 spa d
020 _a9681821106
040 _ala
_cla
041 1 _aspa
_heng
082 0 4 _a576
_bC15e
_219 ed.
100 1 _aCampbell, R.
_968485
245 1 0 _aEcología microbiana /
_cR. Campbell ; versión española Javier Jiménez Ortega.
250 _a1a. edición
300 _a268 p. :
_bil. ;
_c23 cm.
336 _2rdacontent
_atexto
_btxt
337 _2rdamedia
_asin mediación
_bn
338 _2rdacarrier
_avolumen
_bnc
504 _aIncluye bibliografías e índice.
534 _tMicrobial ecology.
650 7 _aBacterias.
_2BLAAUTO
_926868
650 7 _aMicroorganismos.
_2BLAAUTO
_93080
700 1 _aJiménez Ortega, Javier,
_etr.
_968486
942 _2ddc
_cBK
949 _an
_bn
999 _c60377
_d60377